| 000 | 01061nam a2200289 a 4500 | ||
|---|---|---|---|
| 001 | 67730 | ||
| 003 | BD-RjUL | ||
| 005 | 20211209081704.0 | ||
| 008 | 170328r19701953enk||||| |||| 00| 0 eng d | ||
| 035 | _a(BD-RjUL)67939 | ||
| 040 |
_aBD-RjUL _beng _cBD-RjUL _dBD-RjUL |
||
| 041 | _aeng | ||
| 082 |
_223 _a536.7 _bSEI 1970 |
||
| 100 | 1 |
_aSears, Francis Weston _9120049 |
|
| 245 | 1 | 2 |
_aAn introduction to thermodynamics, the kinetic theory of gases, and statistical mechanics / _cby Francis Weston Sears |
| 250 | _a2nd ed. , Addison-Wesley world student series ed. | ||
| 260 |
_aLondon : _bAddison-Wesley, _c1953 [Printing 1964,1969, 1970] |
||
| 300 |
_ax, 374 p. : _bill. ; _c22 cm. |
||
| 490 | _a Principles of Physics Series. | ||
| 490 | _aAddison-Wesley series in Physics | ||
| 490 | _aAddison-Wesley World Student Series | ||
| 650 |
_aThermodynamics _9200799 |
||
| 830 |
_a Principles of Physics Series. _9240962 |
||
| 830 |
_aAddison-Wesley series in Physics _9240963 |
||
| 830 |
_aAddison-Wesley World Student Series _9240964 |
||
| 942 |
_2ddc _cBK |
||
| 999 |
_c67730 _d67730 |
||